000
00256nam a2200109Ia 4500
008
190216s9999||||xx |||||||||||||| ||und||
100
_a
Lal & Jain
245
0
_a
Bba/Bm Entrance Exam
260
_b
Upkar Prakashan
_c
1997
300
_a
476p
942
_c
REF
999
_c
36527
_d
36527